[Event "Forni di Sopra op 15th"]
[Site "Forni di Sopra"]
[Date "2024.06.12"]
[Round "6"]
[White "Catanzaro, Claudio"]
[Black "Cocchi, Andrea"]
[Result "0-1"]
[WhiteElo "1932"]
[BlackElo "2121"]
[PlyCount "56"]
[EventDate "2024.06.08"]
[EventType "swiss"]
[EventRounds "9"]
[EventCountry "ITA"]
[SourceTitle "CBM 220 Extra"]
[Source "ChessBase"]
[SourceDate "2024.07.31"]
[SourceVersion "1"]
[SourceVersionDate "2024.07.31"]
[SourceQuality "1"]

1. e4 c6 2. d4 d5 3. exd5 cxd5 4. Bd3 Nc6 5. c3 g6 6. Nf3 Bg7 7. 0-0 Nf6 8. Re1 0-0 9. h3 Bf5 10. Bf4 Bxd3 11. Qxd3 a6 12. Nbd2 Re8 13. Ne5 Nd7 14. Ndf3 Ncxe5 15. Nxe5 Nf6 16. Qe2 Qb6 17. Rad1 Rad8 18. Nd3 Ne4 19. Qc2 e6 20. Qb3 Qc6 21. Ne5 Qc8 22. Re2 b5 23. Nd3 Qc4 24. f3 Nd6 25. Qa3 Nf5 26. Qb3 Bxd4+ 27. Kh1 Bf6 28. Nc1 Qxf4 0-1

[Event "Forni di Sopra op 15th"]
[Site "Forni di Sopra"]
[Date "2024.06.10"]
[Round "4"]
[White "Catanzaro, Claudio"]
[Black "Comisso, Daniele"]
[Result "1/2-1/2"]
[WhiteElo "1932"]
[BlackElo "1898"]
[PlyCount "59"]
[EventDate "2024.06.08"]
[EventType "swiss"]
[EventRounds "9"]
[EventCountry "ITA"]
[SourceTitle "CBM 220 Extra"]
[Source "ChessBase"]
[SourceDate "2024.07.31"]
[SourceVersion "1"]
[SourceVersionDate "2024.07.31"]
[SourceQuality "1"]

1. e4 e6 2. d4 d5 3. Bd3 b6 4. exd5 exd5 5. Nf3 Nf6 6. 0-0 Be7 7. Re1 0-0 8. Ne5 Bb7 9. Nd2 c5 10. dxc5 bxc5 11. c3 Nbd7 12. Ndf3 Re8 13. Bb5 h6 14. Nxd7 Nxd7 15. Ne5 Nxe5 16. Bxe8 Bf6 17. Ba4 d4 18. cxd4 Qd5 19. f3 Ng4 20. Re4 Bxd4+ 21. Rxd4 cxd4 22. Bb3 Qc5 23. fxg4 d3+ 24. Kh1 Re8 25. Qf1 Re2 26. Qxf7+ Kh7 27. Qg8+ Kg6 28. Qf7+ Kh7 29. Qg8+ Kg6 30. Qf7+ 1/2-1/2